All Cities in the USA with Population of 1 Million - Statistics

General Stats
  • This quiz has been taken 2,063 times
  • The average score is 41 of 53
Answers on the Map
Answers color-coded by a green-red scale on the quiz's map according to % correct below.
 
Answer Stats
Pop City % Correct
17.7 Los Angeles
98%
22.2 New York
97%
6.20 Miami
96%
9.80 Chicago
95%
6.75 Dallas
95%
4.18 Seattle
95%
6.35 Houston
94%
2.15 Las Vegas
94%
7.70 San Francisco
94%
7.55 Boston
93%
3.30 San Diego
93%
3.60 Denver
92%
5.60 Atlanta
91%
4.40 Phoenix
91%
8.40 Washington
91%
5.70 Detroit
90%
7.35 Philadelphia
89%
2.33 Portland
89%
1.01 New Orleans
87%
3.18 Orlando
87%
1.79 Austin
86%
2.33 Salt Lake City
86%
4.15 Tampa
86%
3.08 Minneapolis
85%
1.11 Oklahoma City
85%
1.94 Indianapolis
84%
1.01 Honolulu
83%
1.39 Nashville
82%
2.03 Sacramento
82%
1.94 Kansas City
81%
2.08 San Antonio
81%
1.36 Jacksonville
80%
3.08 Cleveland
79%
1.02 El Paso
79%
1.15 Memphis
76%
2.38 Saint Louis
76%
1.68 Columbus
75%
2.08 Pittsburgh
75%
1.35 Buffalo
74%
1.55 Milwaukee
74%
2.33 Charlotte
73%
2.75 Cincinnati
73%
1.54 Raleigh
63%
1.04 Louisville
60%
1.04 Richmond
58%
1.61 Virginia Beach
56%
1.69 Hartford
53%
1.32 Harrisburg
42%
1.10 Greensboro
31%
1.27 McAllen
26%
1.21 Stockton
26%
1.13 Melbourne
19%
1.01 Cape Coral
18%
No matching quizzes found
Score Distribution
Percent of People with Each Score
Percentile by Number Answered
Your Score History
You have not taken this quiz